000 01105nam a2200229 4500
005 20250416122934.0
008 250416b |||||||| |||| 00| 0 eng d
020 _a9783319023670
037 _cTextual
040 _aRTL
_cRTL
084 _aB316 Q4
_qRTL
100 _aConway, john B.
245 _aA course in point set topology
260 _aNew York
_bSpringer
_c2014
300 _avii, 142 p.
_bIncludes bibliographical reference and index
490 _aUndergraduate texts in mathematics
_x0172-6056
520 _aThis textbook in point set topology is aimed at an upper-undergraduate audience. Its gentle pace will be useful to students who are still learning to write proofs. Prerequisites include calculus and at least one semester of analysis, where the student has been properly exposed to the ideas of basic set theory such as subsets, unions, intersections, and functions, as well as convergence and other topological notions in the real line.
650 _aTopology
_9447898
650 _aPoint set theory
_9752344
650 _aMathematics
942 _2CC
_n0
_cTB
_hB316 Q4
999 _c1309045
_d1309045